000 00207 a2200097 4500
001 13660
100 _aAziz, K K
245 _aAmeer Ali:
260 _aLahore
_bUnited Printing Press
_c
090 _c10654
_d10654
942 _aNUST-CAE
_cM
_c730
999 _c248733
_d248733